Vývoj poistného trhu Maďarska v rokoch 2004 - 2010

Rozvoj poistného trhu v Maďarsku, ktorý charakterizujú niektoré dôležité ukazovatele. Poisťovne pôsobiace na území Maďarska. Maďarská asociácia poisťovní a je ciele týkajúce sa inštitúcií poisťovníctva.

Gespeichert in:
Bibliographische Detailangaben
1. Verfasser: Kafková, Eva
Weitere Verfasser: Fazekasová, Anikó
Format: Buchkapitel
Sprache:Slowakisch
Schlagworte:
Tags: Tag hinzufügen
Keine Tags, Fügen Sie das erste Tag hinzu!

MARC

LEADER 00000naa a2200000 4500
001 0152060
005 20240502072721.3
041 0 |a slo 
044 |a SK 
245 1 0 |a Vývoj poistného trhu Maďarska v rokoch 2004 - 2010  |c Eva Kafková, Anikó Fazekasová 
520 |a Rozvoj poistného trhu v Maďarsku, ktorý charakterizujú niektoré dôležité ukazovatele. Poisťovne pôsobiace na území Maďarska. Maďarská asociácia poisťovní a je ciele týkajúce sa inštitúcií poisťovníctva. 
610 2 0 |a Maďarsko 
610 2 0 |a trh poistný 
610 2 0 |a poisťovníctvo 
610 2 0 |a poisťovne 
610 2 0 |a poistníci 
610 2 0 |a poistenie 
610 2 0 |a zmluvy poistné 
610 2 0 |a plnenie poistné 
610 2 0 |a udalosti poistné 
610 2 0 |a rezervy technické 
610 2 0 |a portfólio 
100 1 |a Kafková, Eva 
700 1 |a Fazekasová, Anikó